Statistics for West Virginia Counties Quiz

Click here to take the quiz!

General Stats

  • This quiz has been taken 11,468 times
  • The average score is 34 of 55

Answers on the Map

Answers color-coded by a green-red scale on the quiz's map according to % correct below.
Loading ...
 

Answer Stats

County% Correct
OOhio
77%
KKanawha
76%
JJefferson
73%
JJackson
73%
BBoone
70%
GGreenbrier
70%
LLogan
69%
CCabell
69%
CClay
68%
BBerkeley
67%
MMingo
67%
BBraxton
66%
LLincoln
66%
FFayette
66%
PPocahontas
66%
HHancock
65%
GGrant
65%
WWood
65%
MMonroe
64%
BBrooke
64%
MMonongalia
64%
MMcDowell
64%
MMercer
64%
MMarshall
63%
MMorgan
62%
WWayne
62%
MMason
62%
TTucker
60%
BBarbour
60%
HHarrison
60%
HHardy
60%
WWyoming
59%
PPutnam
59%
TTaylor
59%
WWetzel
59%
MMarion
59%
PPreston
59%
LLewis
59%
WWirt
59%
TTyler
59%
UUpshur
58%
RRaleigh
58%
HHampshire
57%
RRandolph
57%
NNicholas
57%
SSummers
57%
DDoddridge
57%
CCalhoun
56%
MMineral
55%
GGilmer
55%
RRoane
54%
PPleasants
53%
WWebster
52%
PPendleton
51%
RRitchie
48%

Score Distribution

Percentile by Number Answered

Percent of People with Each Score

Your Score History

You have not taken this quiz